000 01528nam0a2200349 4500
001 RU\NLR\bibl\1509240
005 20250616022847.0
010 _a978-5-93972-686-3
_bв пер.
035 _a(nilc)EL/0000229512
035 _a(NLR Aleph) 001500644
090 _a1794737
_c1794737
100 _a20081127e20081979|||y0rusy50 ca
101 0 _arus
102 _aRU
105 _aa z |||||
200 1 _aПлощадное заводнение нефтяных месторождений
_fР. Т. Фазлыев
205 _a[Репр. изд.: М., Недра, 1979]
210 _aМосква
_cИн-т компьютер. исслед.
_aИжевск
_cРегуляр. и хаотич. динамика
_d2008
215 _a254, [1] с.
_cил.
_d20
320 _aБиблиогр.: с. 233-253 (357 назв.)
451 0 _12001#$aПлощадное заводнение нефтяных месторождений
_1210##$aМ.$cНедра$d1079
_tПлощадное заводнение нефтяных месторождений
606 _aНефть
_xДобыча
_xЗаводнения метод
_91084780
_3RU\NLR\auth\66424579
686 _a33.36
_vLBC/RL
_2rubbk
686 _aИ361.792
700 1 _aФазлыев
_bР. Т.
_gРабис Тимерханович
_4070
801 0 _aRU
_bНБР Удмуртия
_c20081127
_grcr
801 1 _aRU
_bНБР Удмуртия
_c20081127
_2rusmarc
801 2 _aRU
_bNLR
_c20100316
_grcr
830 _aавт. по кн.
942 _cBOOK
980 _aNB